00272nam a22000977a 4500003000400000082001700004245007000021260005500091300001600146546001200162OSt aIGC/PRb1992 aPre conference Proceedings:babstracts of contributory papers v.1 aNew Delhibvth International Goat conferencec1992 axlvii,547p. aEnglish